000 01473nam0a2200337 4500
001 RU\NLR\bibl\139764
005 20260406160448.0
010 _a5-87427-009-4
_9500
035 _a(NLR Aleph) 000136914
090 _a782895
_c782895
100 _a20010314d1997 |||y0rusy50 ca
101 0 _arus
102 _aRU
105 _ay |||||||||
200 1 _aГражданское общество - в поисках пути
_e[Сб. ст.]
_fС.-Петерб. гуманит.-политол. центр "Стратегия"
_g[Под ред.: А.Ю. Сунгурова, к.полит.н.]
210 _aСПБ.
_cСтратегия
_d1997
215 _a204 с.
_d19
320 _aБиблиогр. в конце ст.
606 0 _aГражданское общество
_jСборники
_9890398
_3RU\NLR\auth\66321958
686 _aФ011.1я43
702 1 _4340
_7ca
_8rus
_aСунгуров
_bА. Ю.
_f1951-
_gАлександр Юрьевич
_9183633
_3RU\NLR\AUTH\770183684
712 0 2 _4570
_a"Стратегия", гуманитарный и политологический центр
_bПетербургское отделение
_cМосква
_9359019
_3RU\NLR\AUTH\889931805
801 0 _aRU
_bNLR
_c20010314
_gPSBO
801 1 _aRU
_bNLR
_c20010314
852 _aNLR
_j2001-3/1125
942 _cBOOK
980 _aNB